Mystery Taylor Swift Song #66 - Statistics

General Stats
  • This quiz has been taken 386 times
  • The average score is 117 of 174
Answer Stats
Song % Correct
I
96%
a
93%
the
93%
you
93%
in
88%
me
88%
no
87%
an
86%
Ha
86%
it
86%
so
86%
when
86%
who
86%
and
85%
do
85%
go
85%
He
85%
on
85%
Speak Now
85%
what
85%
where
85%
is
84%
She
84%
(Think
84%
think
84%
to
84%
I'm
83%
your
83%
better
82%
did)
82%
did
82%
not
82%
than
82%
there
82%
was
82%
like
80%
for
79%
him
79%
She's
79%
about
78%
hear
78%
Now
78%
of
78%
revenge
78%
whoa
78%
could
77%
it's
77%
know
77%
say
77%
you're
77%
all
76%
had
76%
actress
75%
at
75%
corner
75%
have
75%
nothing
74%
just
73%
wanna
73%
wanted
73%
wear
73%
her
72%
never
72%
should
72%
that
72%
flame
71%
from
71%
matches
71%
moth
71%
saint
71%
stand
71%
took
71%
with
71%
but
70%
'Cause
70%
faster
70%
holding
70%
right
70%
don't
69%
ever
69%
Oh
69%
stealing
69%
summer
69%
they
69%
people
68%
sabotage
68%
saw
68%
thing
68%
would
68%
got
67%
hot
67%
story
67%
Won't
67%
Better Than Revenge
66%
other
66%
playground
66%
applause
65%
came
65%
friends
65%
gonna
65%
make
65%
or
65%
people's
65%
are
64%
get
64%
I'll
64%
keep
64%
over
64%
starts
64%
toys
64%
coming
63%
little
63%
many
63%
mind
63%
along
62%
find
62%
Soon
62%
up
62%
dealing
61%
didn't
61%
let's
61%
things
61%
how
60%
looks
60%
time
60%
underestimated
60%
drum
58%
alone
57%
beating
57%
down
57%
name
57%
list
56%
thinks
56%
life
55%
party
55%
trend
55%
last
54%
rhyme
54%
amount
53%
dignity
53%
isn't
53%
suspected
53%
dresses
52%
pain
52%
school
52%
vintage
52%
eyes
51%
much
51%
teach
51%
troubling
51%
always
50%
prep
50%
doing
49%
honey
49%
might
49%
psycho
49%
another
48%
gives
48%
pushing
48%
still
48%
frown
47%
haven't
47%
heard
47%
present
47%
roll
47%
feel
45%
some
45%
word
44%
Sophistication
42%
See
40%
nor
37%
show
36%
deserve
29%
C'mon
27%
No matching quizzes found
Score Distribution
Percent of People with Each Score
Percentile by Number Answered
Your Score History
You have not taken this quiz